| 000 | 00715nam a22001577a 4500 | ||
|---|---|---|---|
| 003 | OSt | ||
| 005 | 20150917112355.0 | ||
| 008 | 150917b xxu||||| |||| 00| 0 eng d | ||
| 040 | _cRUA | ||
| 082 | _aAGR PHA 2005 B030 Or.1 | ||
| 100 |
_9666 _aPHAT, CHANDY. |
||
| 245 | _aeffect of duration of weed competition on corn (zea mays) yield at royal university of agriculture (ឥទ្ធិពលថេរវេលានៃការប្រណាំងប្រជែងនៃ ស្មៅលើទិន្នផលពោត នៅក្នុងសាកលវិទ្យសាល័យភូមិន្ទកសិកម្ម) | ||
| 260 |
_aPhnom Penh _bRUA _c2005 |
||
| 300 |
_a60p. _bill. _c29cm. |
||
| 942 |
_2ddc _cAGR |
||
| 999 |
_c643 _d643 |
||